00450nmm a2200145Ia 4500008004100000020001800041041000800059100002200067245003400089264005900123300001700182490003000199650002400229856005100253251105s9999||||xx |||||||||||||||||und|| a9781621690771 aspa aStorad, Conrad J. 0a¡La Tierra está inclinada! a[Madrid, España] :bRourke Educational Media, c2012 a24 páginas aMi biblioteca de ciencias aAges 9-12 Years Old uhttps://public.digitaliapublishing.com/a/24829